000 00795nam a2200241 a 4500
001 000011102
005 20240412074223.0
008 091014s1987 dr a 000 p spa d
040 _aDO-SdBNP
_bspa
_cBNPHU
082 _aRD861.44
_bS211s
100 1 _aSánchez, Federico,
_d1981-
_926601
245 1 0 _aSepultar los gestos del adiós al final del arco iris /
_cFederico Sánchez ; prólogo Roberto Rímoli.
260 _aSanto Domingo :
_bGente,
_c1987.
300 _a62 p. :
_bil. ;
_c21 cm.
490 0 _aFedor
_v1
500 _aIncluye datos biográficos
590 _aInventariado, 2019/ DG
650 0 _aPoesía dominicana
_966
650 0 _aLiteratura dominicana.
_967
700 1 _aRímoli, Roberto
_926602
830 0 _aFedor
_v1
_926603
910 _aValidado. Control de calidad BNPHU
999 _c10827
_d10827